000
00331nam a22001457a 4500
020
_a
978-8131204528
041
_a
ENG
100
_a
J F Richardson
245
_a
Chemical Engineering Vol -3
260
_a
Burlingtin
_b
Butterworth - Heinemann
_c
2006
300
_a
776
650
_a
APE
700
_a
D,G Peacock
856
_u
APE
999
_c
3237
_d
3237